Joueurs de tennis avec le plus de semaines en N°1 - Statistiques

Statistiques générales
  • Ce quiz a été pris 119 fois
  • Le résultat moyen est 13 sur 20
Statistiques - réponses
Nb de semaines Joueur % Correct
406 Novak Djokovic
100%
209 Rafael Nadal
100%
310 Roger Federer
99%
41 Andy Murray
84%
36 Carlos Alcaraz
78%
101 Andre Agassi
76%
109 Björn Borg
73%
286 Pete Sampras
73%
170 John McEnroe
70%
16 Daniil Medvedev
65%
270 Ivan Lendl
57%
268 Jimmy Connors
53%
12 Boris Becker
51%
20 Mats Wilander
47%
80 Lleyton Hewitt
46%
72 Stefan Edberg
46%
13 Andy Roddick
45%
58 Jim Courier
39%
43 Gustavo Kuerten
33%
40 Ilie Năstase
32%
Aucun quiz correspondant
Distribution des résultats
% des personnes avec chaque résultat
Percentile par nombre de réponses
Votre historique - résultats
Vous n’avez pas pris ce quiz